A boldogság elérhetetlenségének problematikája Turgenyev néhány művében

Elmentve itt :
Bibliográfiai részletek
Szerző: Kalocsai Katalin
További közreműködők: Baróti Tibor (Témavezető)
Dokumentumtípus: Szakdolgozat
Megjelent: 1976
Tárgyszavak:
Online Access:http://diploma.bibl.u-szeged.hu/79032
LEADER 00580nta a2200157 i 4500
001 dipl79032
005 20200623113300.0
008 190730s1976 hu om 0|| hun d
040 |a SZTE Diploma Repozitórium  |b hun 
041 |a hun 
100 1 |a Kalocsai Katalin 
245 1 2 |a A boldogság elérhetetlenségének problematikája Turgenyev néhány művében  |h [elektronikus dokumentum] /  |c Katalin Kalocsai 
260 |c 1976 
650 4 |a Pedagógusképzés 
700 1 |a Baróti Tibor  |e ths 
856 4 0 |u http://diploma.bibl.u-szeged.hu/id/eprint/79032/1/1976_kalocsai_katalin.pdf  |z Dokumentum-elérés